00976nam a22002417a 450000500170000001000130001702000270003003500130005703700160007004000120008608200170009810000310011524501010014626000450024727000630029230000310035550000510038665000580043765000590049594200260055499900190058095201350059920170124110233.0 aB-129852 c1750.00a9780195669008 aB-129852 bCen Lib/Ret aDPLbEN a704.948bPIN aPinney, Christopher941737 aPhotos of the gods :cby Christopher Pinneybthe printed image and political struggle in India / aNew DelhibOxford University Pressc2004 bNew Delhia4/YMCA Library Building, Jai Singh Roade110001 a239p. :c25m(Hb)bcol.ill. aIncludes bibliographical references and index  aIdols and images -- Political aspects -- India941738 aPhotography -- India -- History -- 20th century941739 2ddccENh704.948mPIN c134775d134775 001040718REFaLbLd2015-07-31eCen Lib/Retg1750.00l0o704.948 PINpB-129852r2015-07-31 00:00:00t1v1750.00w2015-07-31yEN